| Поле | Инд. | ПП | Название | Значение |
|---|---|---|---|---|
| Тип записи | a | |||
| Библиографический уровень | c | |||
| 001 | Контрольный номер | RU/IS/BASE/437039447 | ||
| 005 | Дата корректировки | 20240503215948.8 | ||
| 009 | 1 | 07.11.2013 | ||
| 020 | a | ISBN | 5-265-00413-0 | |
| c | Цена, тираж | 14-50 | ||
| 040 | 9 | Шарина | ||
| 9 | Ухарова | |||
| 090 | a | Полочн. индекс | Ш43(2)(=411.2){6} | |
| x | Авторский знак | В 774 | ||
| 091 | a | Индекс ББК (DOS) | Ш43(2)(=411.2){6}*8Панова | |
| 245 | 1_ | a | Заглавие | Воспоминания о Вере Пановой |
| b | Продолж. заглавия | сборник | ||
| c | Ответственность | сост.: Нинов А. А. и др. | ||
| 260 | a | Место издания | Москва | |
| b | Издательство | Совет. писатель | ||
| c | Дата издания | 1988 | ||
| 300 | a | Объем | 447с., 16л. ил. | |
| 600 | 1_ | a | Персоналии | Панова В. Ф. |
| e | Роль лиц | писательница русская советская | ||
| d | Даты жизни | 1905-1973 | ||
| v | Типовое деление | воспоминания, записки, дневники | ||
| 653 | a | Ключевые слова | писатели и поэты русские - воспоминания | |
| 901 | t | Тип документа | m |